000 nam a22 a 4500
999 _c4705
_d4705
003 AKMAL
005 20170731112149.0
008 170731s2017 my e l 000 0 may d
020 _cRM54.00
082 0 4 _a346.595066 MAL
_223
090 0 0 _a346.595066
_bMAL
110 1 _aMalaysia,
_ejurisdiction governed.
_9400
245 1 0 _aAKTA SYARIKAT 2016 (AKTA 777) :
_b(pindaan sehingga 2016) /
_cDisusun oleh: Penasihat Undang-Undang MDC
260 _aKuala Lumpur:
_bMDC Publishers,
_c2017
300 _axxx, 666pages ;
_c27 cm
490 1 _aUNDANG-UNDANG MALAYSIA
650 1 0 _aCorporation law
_zMalaysia
_93947
650 2 0 _aCommercial law
_zMalaysia
_93703
830 0 _aUndang-undang Malaysia
_99024
942 _2ddc
_cBOOK
950 _lAKMAL